Dobrá studňa, dobrá voda

Bibliographic Details
Main Author: Schneiderová, Mary, 1900-1966 (Author, Author of introduction, etc.)
Other Authors: Miškóci, S. (Translator)
Format: Book
Language:Slovak
Czech
PhysicalDescription:40 s. ilustrácie 23 cm
Published: Praha Spoločnosť Čsl. Červeného kríža 1935
Subjects:

MARC

LEADER 00000cam a2200000 a 4500
001 vtls008396059
003 SK-MaSNL
005 20260301231928.0
008 010801s1935 xr a gr 000 0 slo
015 |a SNBA19191938-010907 
020 |q (brožované) 
035 |a SK01SNKBSKHR20010088276 
035 |a SKM000090739 
040 |a SNK  |b slo  |c SNK  |e AACR2 
041 1 |a slo  |h cze 
044 |a xr  |c CZ 
072 7 |a 614  |x Verejné zdravie a hygiena  |2 konspekt 
080 |a 628.112  |2 2011 
080 |a 614.777  |2 2001 
080 |a (035)  |2 2011 
100 1 |a Schneiderová, Mary,  |d 1900-1966  |4 aut  |4 aui  |9 624805 
245 1 0 |a Dobrá studňa, dobrá voda  |c M.Z. Schneiderová ; do slovenčiny uviedol S. Miškóci 
260 |a Praha  |b Spoločnosť Čsl. Červeného kríža  |c 1935  |e Praha  |f Tlačiareň MNO 
300 |a 40 s.  |b ilustrácie  |c 23 cm 
650 0 7 |a studne  |2 SNKPH  |9 15252 
650 0 7 |a hygiena vody  |2 SNKPH  |9 31215 
655 7 |a príručky  |2 SNKPH  |9 74364 
700 1 |a Miškóci, S.  |4 trl  |9 490695 
852 |a Slovenská národná knižnica 
954 |a iná literatúra (príručky, kuchárske knihy, hobby literatúra, sprievodcovia) cudzojazyčná (svetová)  |2 lita 
958 |a OP 
968 |b ČES 
999 |c 959913  |d 961843 
952 |a SNK  |b SNK  |y PREZ  |7 0  |p 17A0727264  |o snkSC 1845/10  |i snk2847/35  |0 0  |1 0  |4 0  |d 2025-03-21  |l 0  |r 2025-06-11 00:00:00  |w 2026-02-24